00577 2200217 4500001002100000005001500021035002000036008004100056245007300097100001800170250001000188260004200198300002500240020002200265084001600287082001000303650001000313700001400323990001100337990001100348INLIS00000000001304120220711032245 a0010-0722000525220711 g p ind 1 aAntalogi Puisi Pelangi Suara Hati /cEti Fahriaty; editor, Istiqomah aETI, Fahriaty acet.1 aSurabaya :bPustaka Media Guru,c2018 aix, 73 hal. ;c21 cm a978-602-482-246-0 a808.1 ETI a a808.1 4aPUISI0 aISTIQOMAH a8422 a a8422 a